[Event "Prague Summer op-A 10th"]
[Site "Prague"]
[Date "2023.08.05"]
[Round "2"]
[White "Shamian, Artur"]
[Black "Berin, Artem"]
[Result "1/2-1/2"]
[WhiteElo "2078"]
[BlackElo "2337"]
[PlyCount "107"]
[EventDate "2023.08.04"]
[EventType "swiss"]
[EventRounds "9"]
[EventCountry "CZE"]
[SourceTitle "CBM 215 Extra"]
[Source "ChessBase"]
[SourceDate "2023.09.30"]
[SourceVersion "1"]
[SourceVersionDate "2023.09.30"]
[SourceQuality "1"]

1. d4 Nf6 2. Bf4 g6 3. e3 Bg7 4. Nf3 0-0 5. Be2 d6 6. 0-0 Nc6 7. h3 Nd7 8. Bh2 e5 9. Nc3 f5 10. Re1 e4 11. Nd2 Nf6 12. f3 Bh6 13. Bc4+ d5 14. Bb3 Na5 15. Nb5 Ne8 16. c4 dxc4 17. Nxc4 Nxb3 18. axb3 Be6 19. fxe4 fxe4 20. Nc3 Nf6 21. Qe2 a6 22. Rf1 b5 23. Nd2 Nd5 24. Nxd5 Bxd5 25. Rxf8+ Qxf8 26. Rf1 Qb4 27. Bf4 Bg7 28. Rc1 c6 29. h4 Rf8 30. g3 h6 31. Rc3 Qe7 32. Qg4 Kh7 33. Rc1 a5 34. Ra1 Qb4 35. Rd1 a4 36. Be5 Bxe5 37. dxe5 Qc5 38. Re1 Qc2 39. Rf1 Rxf1+ 40. Nxf1 Qxb3 41. h5 gxh5 42. Qf5+ Kg8 43. Qg6+ Kf8 44. Qxh6+ Ke8 45. Qxh5+ Kd7 46. Qh7+ Kc8 47. Qa7 b4 48. Qa8+ Kd7 49. Qb7+ Ke6 50. Qb8 Kf5 51. Qh8 Ke6 52. Qe8+ Kf5 53. Qh5+ Ke6 54. Qe8+ 1/2-1/2

[Event "Pardubice rapid op 34th"]
[Site "Pardubice"]
[Date "2023.07.20"]
[Round "9"]
[White "Kovalskyi, Roman"]
[Black "Shamian, Artur"]
[Result "1-0"]
[WhiteElo "2036"]
[BlackElo "2078"]
[PlyCount "67"]
[EventDate "2023.07.19"]
[EventType "swiss (rapid)"]
[EventRounds "9"]
[EventCountry "CZE"]
[SourceTitle "CBM 215 Extra"]
[Source "ChessBase"]
[SourceDate "2023.09.30"]
[SourceVersion "1"]
[SourceVersionDate "2023.09.30"]
[SourceQuality "1"]

1. e4 c5 2. Nf3 Nc6 3. d4 cxd4 4. Nxd4 e5 5. Nb5 d6 6. N1c3 a6 7. Na3 Be7 8. Be2 Nf6 9. Bg5 0-0 10. Bxf6 Bxf6 11. Nd5 Bg5 12. Nc4 b5 13. Ncb6 Rb8 14. Nxc8 Rxc8 15. Bg4 Rb8 16. h4 Bh6 17. h5 Ne7 18. 0-0 Nxd5 19. Qxd5 Qg5 20. Bf3 Rfd8 21. Rad1 g6 22. hxg6 hxg6 23. Rd3 Bf8 24. Be2 Kg7 25. f4 Qe7 26. f5 Qa7+ 27. Kh1 Be7 28. fxg6 Rh8+ 29. Rh3 Bf6 30. gxf7 Qxf7 31. Qxd6 Rbd8 32. Qb6 Rd2 33. Rxh8 Rxe2 34. Rxf6 1-0

[Event "Pardubice rapid op 34th"]
[Site "Pardubice"]
[Date "2023.07.20"]
[Round "4"]
[White "Stocek, Martin"]
[Black "Shamian, Artur"]
[Result "0-1"]
[WhiteElo "2036"]
[BlackElo "2078"]
[PlyCount "72"]
[EventDate "2023.07.19"]
[EventType "swiss (rapid)"]
[EventRounds "9"]
[EventCountry "CZE"]
[SourceTitle "CBM 215 Extra"]
[Source "ChessBase"]
[SourceDate "2023.09.30"]
[SourceVersion "1"]
[SourceVersionDate "2023.09.30"]
[SourceQuality "1"]

1. d4 Nf6 2. c4 e6 3. Nf3 Bb4+ 4. Nbd2 d6 5. a3 Bxd2+ 6. Bxd2 a5 7. b4 Ne4 8. e3 0-0 9. Bd3 Nxd2 10. Nxd2 e5 11. 0-0 exd4 12. exd4 Qf6 13. Nf3 Bg4 14. Be2 axb4 15. axb4 Rxa1 16. Qxa1 Re8 17. Bd1 h6 18. Qa7 Nc6 19. Qxb7 Bxf3 20. Bxf3 Nxd4 21. Bd5 Ne2+ 22. Kh1 Nf4 23. Bc6 Re2 24. Be4 g6 25. Bf3 Rc2 26. Qe4 Rb2 27. b5 Ne6 28. Kg1 Kg7 29. Qc6 Nd4 30. Qxc7 Rc2 31. Bd5 Nxb5 32. Qb7 Nd4 33. g3 h5 34. h4 Qf5 35. Be4 Qh3 36. Re1 Rc1 0-1

[Event "Prague Summer op 9th"]
[Site "Prague"]
[Date "2022.08.10"]
[Round "7"]
[White "Prilleltensky, Matan"]
[Black "Shamian, Artur"]
[Result "1-0"]
[WhiteElo "2191"]
[BlackElo "2000"]
[PlyCount "107"]
[EventDate "2022.08.05"]
[EventType "swiss"]
[EventRounds "9"]
[EventCountry "CZE"]
[SourceTitle "CBM 209 Extra"]
[Source "ChessBase"]
[SourceDate "2022.09.30"]
[SourceVersion "1"]
[SourceVersionDate "2022.09.30"]
[SourceQuality "1"]

1. d4 Nf6 2. c4 e6 3. Nc3 Bb4 4. a3 Bxc3+ 5. bxc3 b6 6. f3 h6 7. e4 d6 8. Bd3 0-0 9. Nh3 Nc6 10. Be3 e5 11. Nf2 Ba6 12. 0-0 Na5 13. Qe2 c5 14. d5 Qd7 15. a4 Rae8 16. Nd1 Qe7 17. Ra3 Nh5 18. g3 Bc8 19. Qc2 Ba6 20. Qe2 Bc8 21. Qc2 Ba6 22. Nb2 f5 23. exf5 Nf6 24. Raa1 e4 25. fxe4 Ng4 26. Bf4 Ne5 27. Rae1 Bxc4 28. Bxe5 Bxd3 29. Nxd3 dxe5 30. c4 Nb7 31. Nf2 Nd6 32. a5 Qc7 33. axb6 axb6 34. Ra1 Ra8 35. Rxa8 Rxa8 36. f6 Rf8 37. Ng4 Ne8 38. fxg7 Rxf1+ 39. Kxf1 Qxg7 40. Ne3 Nd6 41. Nf5 Nxf5 42. exf5 Qg4 43. Kg2 Qd4 44. Kf3 Kf7 45. Qe4 Qd1+ 46. Kg2 Qd2+ 47. Kh3 Kf6 48. Qg4 e4 49. Qxe4 Qf2 50. Qe6+ Kg7 51. Qg6+ Kf8 52. Qxh6+ Ke8 53. Qe6+ Kd8 54. d6 1-0

[Event "Prague Golden Blitz op 17th"]
[Site "Prague"]
[Date "2022.07.16"]
[Round "11"]
[White "Mikhno, Artem"]
[Black "Shamian, Artur"]
[Result "0-1"]
[WhiteElo "1317"]
[BlackElo "1867"]
[PlyCount "90"]
[EventDate "2022.07.16"]
[EventType "swiss (blitz)"]
[EventRounds "11"]
[EventCountry "CZE"]
[SourceTitle "CBM 209 Extra"]
[Source "ChessBase"]
[SourceDate "2022.09.30"]
[SourceVersion "1"]
[SourceVersionDate "2022.09.30"]
[SourceQuality "1"]

1. d4 Nf6 2. c4 e6 3. Nc3 Bb4 4. Qc2 Nc6 5. Nf3 d6 6. Bg5 h6 7. Bh4 g5 8. Bg3 g4 9. Nd2 Nxd4 10. Qa4+ Bd7 11. Qd1 Bxc3 12. bxc3 Nf5 13. e4 Nxg3 14. hxg3 e5 15. Rb1 Bc6 16. Bd3 b6 17. 0-0 h5 18. Qe2 Qe7 19. Qe3 Nd7 20. Rfd1 h4 21. Nf1 Nc5 22. Be2 Bxe4 23. Rb2 f5 24. f3 gxf3 25. gxf3 Bc6 26. g4 f4 27. Qf2 0-0-0 28. a4 a5 29. Nd2 h3 30. Kh2 Rdg8 31. Nb3 Nxa4 32. Ra2 Nxc3 33. Nxa5 bxa5 34. Rxa5 Nxd1 35. Bxd1 Kd7 36. c5 d5 37. Bc2 Rf8 38. Qd2 Qh4 39. Ra6 Qg3+ 40. Kh1 Qxf3+ 41. Kh2 Qg3+ 42. Kh1 Qf3+ 43. Kh2 Qg3+ 44. Kh1 h2 45. Rxc6 Qg1# 0-1

[Event "Prague Golden Blitz op 17th"]
[Site "Prague"]
[Date "2022.07.16"]
[Round "10"]
[White "Tregler, Jan"]
[Black "Shamian, Artur"]
[Result "0-1"]
[WhiteElo "1142"]
[BlackElo "1867"]
[PlyCount "92"]
[EventDate "2022.07.16"]
[EventType "swiss (blitz)"]
[EventRounds "11"]
[EventCountry "CZE"]
[SourceTitle "CBM 209 Extra"]
[Source "ChessBase"]
[SourceDate "2022.09.30"]
[SourceVersion "1"]
[SourceVersionDate "2022.09.30"]
[SourceQuality "1"]

1. e4 c5 2. Nf3 Nc6 3. b4 Nxb4 4. d4 cxd4 5. Nxd4 Nc6 6. Bc4 e6 7. 0-0 Nf6 8. Nc3 Bb4 9. Nxc6 bxc6 10. Bb2 d5 11. exd5 cxd5 12. Bb5+ Bd7 13. Bxd7+ Qxd7 14. a3 Be7 15. Qe2 0-0 16. a4 Rab8 17. Rab1 Rfc8 18. Qe3 d4 19. Rfd1 dxe3 20. Rxd7 exf2+ 21. Kxf2 Nxd7 22. Rd1 Rxb2 23. Rxd7 Rxc2+ 24. Ne2 R2c7 25. Rd3 h6 26. Rb3 a5 27. Nd4 Bc5 28. Rd3 Rd7 29. Kf3 Rxd4 30. Rxd4 Bxd4 31. Ke4 Rc4 32. g4 Bf6+ 33. Kd3 Rxa4 34. h4 Rxg4 35. h5 a4 36. Kc2 a3 37. Kd2 Rc4 38. Kd3 Rc8 39. Kd2 Bd8 40. Ke3 a2 41. Ke4 a1Q 42. Kf4 Qf6+ 43. Kg4 Rc4+ 44. Kg3 Bc7+ 45. Kg2 Qg5+ 46. Kh1 Rc1# 0-1